Lịch sử văn học Nga Tập 1

সংরক্ষণ করুন:
গ্রন্থ-পঞ্জীর বিবরন
প্রধান লেখক: Đỗ Hồng Chung
অন্যান্য লেখক: Nguyễn Hải H, Nguyễn Trường Lịch
বিন্যাস: গ্রন্থ
ভাষা:Vietnamese
প্রকাশিত: H. Đại học và trung học chuyên nghiệp 1982
বিষয়গুলি:
ট্যাগগুলো: ট্যাগ যুক্ত করুন
কোনো ট্যাগ নেই, প্রথমজন হিসাবে ট্যাগ করুন!
Thư viện lưu trữ: Mạng thư viện Đại học Đà Nẵng
LEADER 01194nam a2200349 4500
001 000004349
003 488
005 20121211001219.0
008 110719s1982 viesd
020 |c 20000 
041 0 |a vie 
082 |a 891.7  |b ĐÔH 
100 1 |a Đỗ Hồng Chung 
245 1 0 |a Lịch sử văn học Nga  |c Đỗ Hồng Chung, Nguyễn Hải Hà, Nguyễn Trường Lịch  |n Tập 1 
260 |a H.  |b Đại học và trung học chuyên nghiệp  |c 1982 
300 |a 527 tr.  |c 20 cm. 
653 |a Văn học Nga 
700 1 |a Nguyễn Hải Hà 
700 |a Nguyễn Trường Lịch 
773 |t Văn học nước ngoài  |w 478 
773 |t Văn học nước ngoài  |w 478 
910 |a Thi  |d 19/7/2011 
OWN |a LSP 
AVA |a UDN50  |b LSP  |d 891.7 ĐÔH  |e available  |t Error 5001 Not defined in file expand_doc_bib_avail.  |f 3  |g 1  |h N  |i 1  |k 1 
999 |a From the UDN01 
AVA |a UDN50  |b LSP  |d 891.7 ĐÔH  |e available  |t Error 5001 Not defined in file expand_doc_bib_avail.  |f 3  |g 1  |h N  |i 1  |k 1 
TYP |a Monograph 
TYP |a Printed language 
980 |a Mạng thư viện Đại học Đà Nẵng